| 000 | 00569 a2200193 4500 | ||
|---|---|---|---|
| 001 | 63552 | ||
| 005 | 20260407155934.0 | ||
| 008 | 260407a1973 arg spa d | ||
| 003 | AR-UNSa-BCEJYS | ||
| 040 |
_aAR-UNSa-BCEJYS _bspa _cAR-UNSa-BCEJYS |
||
| 080 |
_a004.08 _xSoportes de entrada y salida de datos. Soportes de almacenamiento |
||
| 245 | 1 | 0 | _aIntroducción al diseño de bancos de datos |
| 264 | 1 |
_aMéxico : _bLimusa _c1973 |
|
| 300 |
_a88 p. _c27 cm. |
||
| 041 | _aspa | ||
| 942 | _cBK | ||
| 590 | _aniveau_biblio:m niveau_hierar:0 | ||
| 100 | 1 | _aLyon, John K. | |
| 999 |
_c8237 _d8237 |
||